000 01153nam a2200325Ia 4500
001 35697
003 IT-RoPAU
008 130308s9999 xx 000 0 und d
040 _aIT-RoPAU
040 _cIT-RoPAU
041 _aITALIANO
100 _aPatellani Federico
100 _gCodice Aut. SPICS: 16985
245 _aDocumenti e notizie raccolti in trent'anni di viaggio nel sud-Federico Patellani
245 _bDocumenti e notizie raccolti in Trent'Anni di Viaggio nel Sud-Federico Patellani
250 _a1a ed.
260 _aMILANO
260 _bEditphoto
260 _c1977 [1° Ed.:1977 - Ed.Ling.Originale:1977]
300 _a"40 p. (prefazione: no ; testo: 40)"
500 _aFotografie con commento di Federico Patellani Italia Sud Napoli Cassino Sicilia Puglia Calabria Sardegna Italia magica Matera Campania settimanale Tempo 1939 1946 interviste Con: Paolo Lecaldano Arturo tofanelli e Bruno Munari
650 _aAUTORI/OPERE DI FOTOGRAFIA
650 _eCodice materia Spics: 6757
700 _aSchwarz Angelo
700 _gCodice Aut. SPICS: 1430
942 _cBK
957 _71
999 _c70525
_d70525
999 _bSI
999 _g2